| 000 | 00577nam a2200253Ia 4500 | ||
|---|---|---|---|
| 005 | 20251020182428.0 | ||
| 008 | 200515s9999 xx 000 0 und d | ||
| 020 | _a92-2-312573-1 | ||
| 082 | _a301.187/H44 | ||
| 100 | _aHerrera, Beethoven | ||
| 245 | 0 | _aEl sindicalismo en el milenio de la globalización | |
| 250 | _a1a ed. | ||
| 260 | _aLima | ||
| 260 | _bAECI | ||
| 260 | _c2001 | ||
| 300 | _a205 | ||
| 300 | _btbl., graf. | ||
| 500 | _a2 ejemplares | ||
| 650 | _aGLOBALIZACION | ||
| 650 | _aSINDICATOS | ||
| 942 | _cLIB | ||
| 999 |
_c162 _d162 |
||